LIBRARY ONLINE CATALOGUE

Badilisha : (Record no. 13575)

MARC details
000 -LEADER
fixed length control field 00604nam a22001932 4500
001 - CONTROL NUMBER
control field 0000013102
005 - DATE AND TIME OF LATEST TRANSACTION
control field 20151217155854.0
008 - FIXED-LENGTH DATA ELEMENTS--GENERAL INFORMATION
fixed length control field 090601s xx 000 0 eng d
040 ## - CATALOGING SOURCE
Original cataloging agency KABU
Transcribing agency KABU
245 10 - TITLE STATEMENT
Title Badilisha :
Remainder of title a social transformation manual /
Statement of responsibility, etc. (edited by) Maurice O. Amollo.
250 ## - EDITION STATEMENT
Edition statement 1st ed.
260 ## - PUBLICATION, DISTRIBUTION, ETC. (IMPRINT)
Place of publication, distribution, etc. Nairobi :
Name of publisher, distributor, etc. Jesuit Hakimani Centre,
Date of publication, distribution, etc. 2009.
300 ## - PHYSICAL DESCRIPTION
Extent 146 p.
650 #0 - SUBJECT ADDED ENTRY--TOPICAL TERM
Topical term or geographic name as entry element Social change
Geographic subdivision Africa.
-- 0000152859
700 1# - ADDED ENTRY--PERSONAL NAME
Personal name Amollo, Maurice O.
-- 0000170223
852 1# - LOCATION
-- p200 KES
908 ## - PUT COMMAND PARAMETER (RLIN)
Put command parameter 090601
950 ## - LOCAL HOLDINGS (RLIN)
-- 1
Holdings
Withdrawn status Lost status Source of classification or shelving scheme Not for loan Home library Current library Date acquired Total Checkouts Full call number Barcode Date last seen Price effective from Koha item type
    Library of Congress Classification   Kabarak, Main Campus Kabarak, Main Campus 17/12/2015   HM831 .A37B33 2009 c. 1 17745 17/12/2015 17/12/2015 Africana Collection